Gramíneas bonaerenses : clave para la determinación de los géneros y enumeración de las especies /
Guardado en:
| Autor Principal: | |
|---|---|
| Formato: | Libro |
| Publicado: |
Buenos Aires :
Acme,
1967
|
| Edición: | 5a. ed. |
| Materias: | |
| Etiquetas: |
Agregar Etiqueta
Sin Etiquetas, Sea el primero en etiquetar este registro!
|
| LEADER | 00780nam a22002055a 4500 | ||
|---|---|---|---|
| 001 | CEM.cems004897 | ||
| 005 | 20060217000000.0 | ||
| 008 | 130507s1967##################000#0#####d | ||
| 003 | CEMS | ||
| 082 | 0 | 4 | |a 584.80982 |
| 100 | 1 | |a Parodi, Lorenzo R. | |
| 245 | 1 | 0 | |a Gramíneas bonaerenses : |b clave para la determinación de los géneros y enumeración de las especies / |
| 250 | |a 5a. ed. | ||
| 260 | |a Buenos Aires : |b Acme, |c 1967 | ||
| 300 | |a 142 p. | ||
| 505 | 0 | |a Tribus y g'neros.-Subdivisi¢n del g'nero.-Descripci¢n de las especies. -Distribuci¢n geogr fica en la Argentina. | |
| 653 | |a Botanica | ||
| 653 | |a Gramineas-clasificacion | ||
| 859 | |a CEMS |b BIB. CEMS - 11 de abril |h 584.80982 |i P244 |p 11134.82 |t Ej.1 | ||
| 859 | |a CEMS |b BIB. CEMS - 11 de abril |h 584.80982 |i P244 |p 11135.82 |t Ej.2 | ||
